00686nam a22002057a 450000500170000001000110001702000100002803500110003803700160004904000120006508200160007710000250009324501100011826000470022827000580027530000200033350000550035365000280040865000440043620170124110041.0 a631137 c00.00 a631137 bCen Lib/Ret aDPLbEN a883.08bMUK aMukherjee, Meenakshi aThe twice born fiction :cby Meenakshi Mukherjeeb themes and techniques of the Indian novel in English / aNew DelhibHeinemann Education Booksc1971 aA B/9, Safdarjang Development AreabNew Delhie110016 a239p.c21cm(Hb) aIncludes bibliographical references and index  aIndic fiction (English) aIndic fiction (English) -- Bibliography